000
00288nam a2200109Ia 4500
008
171211s9999 xx 000 0 und d
245
4
_a
The Oxford Companion to Jazz
245
_c
Bill Kirchner
260
_c
2000
650
_x
music
856
_u
http://down.ebook777.com/060/019512510X.pdf
999
_c
348685
_d
348685